Central Library OPAC University of Rajshahi

The register of Henry Chichele, Archbishop of Canterbury, 1414-1443 / (Record no. 23110)

MARC details
000 -LEADER
fixed length control field 01932cam a22003131 4500
001 - CONTROL NUMBER
control field 23110
003 - CONTROL NUMBER IDENTIFIER
rucl marc code BD-RjUL
005 - DATE AND TIME OF LATEST TRANSACTION
control field 20211209000907.0
008 - FIXED-LENGTH DATA ELEMENTS--GENERAL INFORMATION
fixed length control field 140310s1945 enkh 001 0 eng
035 ## - SYSTEM CONTROL NUMBER
System control number (BD-RjUL)23175
System control number (OCoLC)4070303
040 ## - CATALOGING SOURCE
Original cataloging agency DLC
Transcribing agency IaAS
Modifying agency OCoLC
-- DLC
-- BD-RjUL
Language of cataloging eng
041 0# - LANGUAGE CODE
Language code of text/sound track or separate title englat
082 ## - DEWEY DECIMAL CLASSIFICATION NUMBER
Classification number 283.42
Author mark and year REG
110 1# - MAIN ENTRY--CORPORATE NAME
Corporate name or jurisdiction name as entry element Canterbury, Eng. (Province).
Subordinate unit Archbishop, 1414-1443 (Henry Chichele)
9 (RLIN) 71290
245 14 - TITLE STATEMENT
Title The register of Henry Chichele, Archbishop of Canterbury, 1414-1443 /
Statement of responsibility, etc. Edited by E.F. Jacob.
Number of part/section of a work Volume III
260 ## - PUBLICATION, DISTRIBUTION, ETC. (IMPRINT)
Place of publication, distribution, etc. Oxford :
Name of publisher, distributor, etc. Printed at the University Press,
Date of publication, distribution, etc. 1945.
300 ## - PHYSICAL DESCRIPTION
Pagination 521 p. :
Illustrations fold. facsim. ;
Size 26 cm.
490 1# - SERIES STATEMENT
Series statement Canterbury and York series,
Volume/sequential designation v. 43, 45-47
500 ## - GENERAL NOTE
General note Vol. 2 issued in two parts, 1936-37, and edited by E. F. Jacob with the assistance of H.C. Johnson.
General note Errata slip inserted in v. 4.
505 0# - FORMATTED CONTENTS NOTE
Formatted contents note --v. 1 Introduction: Introductory. The archbishop. The archbishop's administration. pt. 1. Bulls of provision and other documents relating to the appointment of the higher clergy. pt. 2. Institutions, exchanges, etc., in the Diocese of Canterbury and in vacant sees. Appendix: Lists of benefices, etc. 1943.--v. 2 Wills proved before the archbishop or his commissaries. 1967.--v. 3 pt. 1. Minutes of convocation, Province of Canterbury. pt. 2. Registers of vacant sees. pt. 3 The archbishop's visitations. Appendix: Summary of convocations recorded in the register. 1945.--v. 4 pt. 1. Commissions, letters, royal writs. pt. 2 Ordination lists: Diocese of Canterbury: sees during metropolitical visitation and during vacancy. 1947.
650 #0 - SUBJECT ADDED ENTRY--TOPICAL TERM
Topical term or geographic name as entry element Wills
Geographic subdivision England
-- Canterbury.
9 (RLIN) 71265
651 #0 - SUBJECT ADDED ENTRY--GEOGRAPHIC NAME
Geographic name Great Britain
General subdivision Church history
-- Sources.
9 (RLIN) 71266
700 1# - ADDED ENTRY--PERSONAL NAME
Personal name Jacob, E. F.
Fuller form of name (Ernest Fraser),
Dates associated with a name 1894-1971. ,
Relator term ed.
942 ## - ADDED ENTRY ELEMENTS (KOHA)
Source of classification or shelving scheme Dewey Decimal Classification
Koha item type Books
Holdings
Lost status Source of classification or shelving scheme Damaged status Not for loan Collection code Permanent Location Current Location Shelving location Date acquired Source of acquisition Cost, normal purchase price Total Checkouts Full call number Date last seen Copy number Koha item type
  Dewey Decimal Classification   Added to bundle Non-fiction Central Library, University of Rajshahi Central Library, University of Rajshahi Reading Room 27/06/1955 D.U.P. 8.70   283.42 REG V-3 1945 10/03/2014 C-1 Books